000 00750cam a2200193 4500
001 WS105109
008 000000n 000 0 eng u
035 _a(Sirsi) u105109
245 _aInfo Construct
520 _aDescribes itself as giving 'pointers to the best in UK property and construction'. It provides links to the web sites of companies and organisations based in the UK.
650 _aCONSTRUCTION INDUSTRY
650 _aCONSTRUCTION COMPANIES
650 _aMANAGEMENT-BUSINESS MANAGEMENT-INFORMATION MANAGEMENT
650 _aPLANT AND MACHINERY
650 _aRECRUITMENT
690 _aBUILT ENVIRONMENT
856 4 0 _uhttps://www.infoser.com/infocons/
_zView the website free of charge at www.infoser.com/infocons/...
942 _n0
999 _c119454
_d119454